ASME 2010 Summer Bioengineering Conference, Parts A and B

Bibliografiske detaljer
Format: Electronisk Tidsskrift
Sprog:English
Udgivet: ASME
Online adgang:Full text available on ASME[2010-2010]
Off-campus access
LEADER 00944cas a2200181 a 4500
001 AALConferenceProceedingsASME000010
008 230101c9999 xx r poo 0 0eng d
020 |a 978-0-7918-4403-8 
040 |a BD-DhAAL  |c BD-DhAAL 
245 0 0 |h [electronic resource]  |a ASME 2010 Summer Bioengineering Conference, Parts A and B 
260 |b ASME 
300 |a 1 online resource 
500 |a <strong>Off-Campus Access:</strong> Athens ID and Password Required 
500 |a <strong>On-Campus Access:</strong> No User ID or Password Required 
506 |a Electronic access restricted to authorized BRAC University faculty, staff and students 
538 |a Mode of access: Internet 
856 4 0 |z Full text available on ASME[2010-2010]  |u https://asmedigitalcollection.asme.org/SBC/SBC2010/volume/44038 
856 4 0 |z Off-campus access  |u https://go.openathens.net/redirector/bracu.ac.bd?url=https%3A%2F%2Fasmedigitalcollection.asme.org%2FSBC%2FSBC2010%2Fvolume%2F44038